000 00436nam a2200169Ia 4500
008 230711s9999||||xx |||||||||||||| ||und||
020 _a9780000000000
041 _aENG
082 _a720
_bCH-S
100 _aChan,So Khian
245 0 _aSCDA architects II : the Architecture of soochan
250 _a1st Ed.
260 _c2013
_aVictoria
_bThe Image Publishing Group Pvt Ltd
300 _a415
650 _aArchitecture
942 _cBK
999 _c5671
_d5671